000
00293nam a2200121Ia 4500
008
191014s9999 xx 000 0 und d
082
_a
428.6
_b
TRO
100
_a
Anthony Trollope
_9
20487
245
0
_a
Barchester Towers
260
_a
Pakistan
_b
S.T Printers
300
_a
Peg,477
942
_c
BK
999
_c
531073
_d
531073